| 000 | 01525nam0a2200373 4500 | ||
|---|---|---|---|
| 001 | RU\NLR\bibl\130183 | ||
| 005 | 20260406212426.0 | ||
| 010 |
_a5-201-13402-5 _92000 |
||
| 020 |
_aRU _b98-27989 _9Книжная летопись |
||
| 021 |
_aRU _b98-17383 _9824 |
||
| 035 | _a(NLR Aleph) 000127530 | ||
| 090 |
_a727635 _c727635 |
||
| 100 | _a19990528d1998 |||y0rusy50 ca | ||
| 101 | 0 | _arus | |
| 102 | _aRU | ||
| 105 | _aa ||||||||| | ||
| 200 | 1 |
_aИммуносерология _e(Нормат. док.) _fМ-во здравоохранения Рос. Федерации, Гематол. науч. центр РАМН _g[Сост. А. Г. Башлай, С. И. Донсков] |
|
| 210 |
_aМ. _cКалина _d1998 |
||
| 215 |
_a195 с. _cил. _d21 |
||
| 610 | 0 | _aИммуногематология клиническая | |
| 610 | 0 | _aКровь - Диагностика серологическая | |
| 610 | 0 | _aПереливание крови - Иммунология | |
| 675 |
_a615.38.076(094.58) _v3 _zrus |
||
| 686 |
_a76.31 _2rugasnti |
||
| 686 |
_a52.81/82 _2rubbk |
||
| 701 | 1 |
_aБашлай _gАида Гавриловна _4220 |
|
| 712 | 0 | 2 |
_4570 _aРоссийская академия медицинских наук _bГематологический научный центр _9435915 _3RU\NLR\AUTH\889969813 |
| 801 | 0 |
_aRU _bRKP _c19990528 _gPSBO |
|
| 801 | 1 |
_aRU _bRKP _c19990528 |
|
| 801 | 2 |
_aRU _bNLR _c20031224 _grcr |
|
| 852 |
_aNLR _j98-3/4873 |
||
| 942 | _cBOOK | ||
| 980 | _aNB | ||